000 00704nam a22002417a 4500
003 UA-OsUOA
001 32329
007 ta
008 20050131b un ||||| |||| 00| 0 ukr d
100 _aКозаченко А. И.
090 _a94(477).042.3
_bК59
942 _cBK
040 _aUA-OsUOA
_brus
_cUA-OsUOA
_dUA-OsUOA
245 _aБорьба украинского народа против иноземных поработителей, за воссоединение с Россией
300 _a296 с.
955 _a0
041 _arus
080 _a94(477).042.3
260 _aМосква
_bГосполитиздат
_c1954
044 _aRU
650 7 _2UDC
999 _c318771
_d318771